• 首页
  • 本馆介绍
  • 公告通知
  • 最新文献
  • 馆藏检索
  • 电子资源
  • 读者导购
  • 参考咨询
  • 我的图书馆
  • 登录
  • 详细信息显示
  • 放入我的书架
  • 预约/预借图书
  • 作者相关作品
  • 分类相关作品
  • 丛书相关作品
  • 出版社相关作品

书目信息

  • 表格格式
  • 工作单格式
  • 卡片格式
题名:
解析函数边值问题
    
 
作者: 路见可 著
分册:  
出版信息: 武汉   武汉大学出版社  2004
页数: 569页
开本: 26cm
丛书名: 武汉大学学术丛书
单 册:
中图分类: O175.8
科图分类:
主题词: 解析函数--边值问题 , 解析函数 , 边值问题
电子资源:
ISBN: 7-307-04253-3
000 00836oam2 2200277 450
001 1550826079
005 20150131140813.71
010    @a7-307-04253-3@b精装@dCNY29.00
100    @a20040617d2004 emky0chiy50 ea
101 0  @achi
102    @aCN@b420000
105    @aa z 001yy
200 1  @a解析函数边值问题@9jie xi han shu bian zhi wen ti@f路见可著
205    @a2版
210    @a武汉@c武汉大学出版社@d2004
215    @a569页@c照片@d26cm
225 2  @a武汉大学学术丛书
330    @a本书分为七章,系统地论述了解析函数的边值问题及其在奇异积分方程上应用的最基本的内容。
461  0 @12001 @a武汉大学学术丛书
606 0  @a解析函数@x边值问题
606 0  @a解析函数
606 0  @a边值问题
690    @aO175.8@v5
701  0 @a路见可@9lu jian ke@f(1922.11~)@4著
801  0 @aCN@bTSSF@c20150131
905    @aZUCC@dO175.8@eJY134=2
    
    解析函数边值问题/路见可著.-2版.-武汉:武汉大学出版社,2004
    569页:照片;26cm.-(武汉大学学术丛书)
    
    
    ISBN 7-307-04253-3(精装):CNY29.00
    本书分为七章,系统地论述了解析函数的边值问题及其在奇异积分方程上应用的最基本的内容。
●
相关链接 在E读中查询图书 在五车中查询图书 在当当中查询图书 在豆瓣中查询图书


正题名:解析函数边值问题     索取号:O175.8/JY134=2         预约/预借

序号 登录号 条形码 馆藏地/架位号 状态 备注
1 7862503   278625034   学院路分馆/ [索取号:O175.8/JY134=2] 在馆    
2 7862504   278625043   学院路分馆/ [索取号:O175.8/JY134=2] 在馆    
3 7862505   278625052   学院路分馆/ [索取号:O175.8/JY134=2] 在馆    
4 7862506   278625061   学院路分馆/ [索取号:O175.8/JY134=2] 在馆    
唐山师范学院图书馆 欢迎您!
大连网信软件有限公司© 版权所有